Interkulturelle Kompetenz

Gespeichert in:
Bibliographische Detailangaben
1. Verfasser: Laurenčíková, Erika
Körperschaft: Ekonomická univerzita v Bratislave. Ústav jazykov
Weitere Verfasser: Helmová, Milena, 1954-, Janíčková, Eva, Seresová, Katarína, 1967-
Format: Buch
Sprache:Deutsch
Slowakisch
Veröffentlicht: Bratislava Ekonóm 2003
Schlagworte:
Tags: Tag hinzufügen
Keine Tags, Fügen Sie das erste Tag hinzu!

MARC

LEADER 00000nam a2200000 4500
001 c144132
005 20240502071344.5
020 |a 80-225-1726-7 
041 0 |a ger 
041 0 |a slo 
044 |a SK 
245 1 0 |a Interkulturelle Kompetenz  |c Erika Laurenčíková ... [et al.] 
264 1 |a Bratislava  |b Ekonóm  |c 2003 
300 |a 116 s. 
610 2 0 |a nemčina 
610 2 0 |a jazyky cudzie 
610 2 0 |a jazykoveda 
100 1 |a Laurenčíková, Erika 
700 1 |a Helmová, Milena, 1954- 
700 1 |a Janíčková, Eva 
700 1 |a Seresová, Katarína, 1967- 
710 2 |a Ekonomická univerzita v Bratislave. Ústav jazykov